000 00494nam a2200169Ia 4500
008 230917s9999||||xx |||||||||||||| ||und||
020 _cRS400
040 _e258435
_aMAIN
041 _aEnglish
082 _a570 M574M
100 _aMewada, Mukesh Singh
245 0 _aMCQs in life science: For UG, PG, PH.D. NET, SLET
260 _aNew Delhi
_bShree Publishers and Distributors
_c2013
300 _aviii, 180 p.
500 _a3673 15/10/2019 RBP19/77184 22/10/2019 Main Budget
942 _cBK
999 _c33308
_d33308